000 00318nam a22001337a 4500
008 170419b xxu||||| |||| 00| 0 eng d
020 _a639785323952
041 _aeng
080 _a573
100 _a11
101 _aSHM
245 _aBIOLOGY THE SEXES AND THE COURSE OF HISTORY
_cMCELVANE.R.S
942 _2udc
_cBK
999 _c11223
_d11223